| 000 | 00658nam a2200253Ia 4500 | ||
|---|---|---|---|
| 005 | 20260306145447.0 | ||
| 008 | 008 260114s9999 xx 000 0 eng d | ||
| 020 | _a9780520383883 | ||
| 037 | _aEbook | ||
| 040 | _aCRL | ||
| 040 | _beng | ||
| 040 | _cCRL | ||
| 041 | _2eng | ||
| 041 | _aeng | ||
| 084 | _qCRL | ||
| 100 |
_aSutherland, Tonia _91123788 |
||
| 245 | 0 | _aResurrecting the black body : race and the digital afterlife | |
| 260 | _bUniversity of California Press (UC Press) | ||
| 260 | _c2023 | ||
| 650 | _aSocial Sciences | ||
| 856 | _uhttps://www.degruyter.com/isbn/9780520383883 | ||
| 942 | _cEBOOK | ||
| 999 |
_c1688623 _d1688623 |
||